Statistiques concernant Trouve les paroles - Casser la voix - Patrick Bruel

Cliquez ici pour prendre le quiz!

Statistiques générales

  • Ce quiz a été pris 50 fois
  • Le résultat moyen est 248 sur 328

Statistiques - réponses

Réponse% Correct
ça
100%
casser
100%
Casser
100%
voix
100%
La
98%
98%
la
98%
le
98%
de
96%
ce
93%
les
93%
Les
93%
pas
91%
En
89%
en
89%
ma
89%
se
89%
Se
89%
Si
89%
si
89%
soir
89%
À
87%
Envie
87%
envie
87%
j'ai
87%
moi
84%
Et
82%
tout
82%
des
80%
D'me
80%
d'me
80%
je
80%
seul
80%
chez
78%
d'rentrer
78%
vie
78%
plus
76%
un
76%
Mais
73%
qui
73%
sa
73%
gueule
71%
est
69%
jour
69%
autres
67%
ces
67%
J'suis
67%
j'suis
67%
d'fermer
64%
nuit
64%
Par
64%
pour
64%
faire
62%
gens
62%
Qu'on
62%
qu'on
62%
sur
62%
Sur
62%
veux
62%
voir
62%
croire
60%
dans
60%
même
60%
M'en
60%
Quand
60%
son
60%
filles
58%
J'peux
58%
s'en
58%
Comme
56%
l'amour
56%
minuit
56%
mon
56%
appelant
53%
chaque
53%
d'après
53%
degueu
53%
déteste
53%
jamais
53%
marqué
53%
murs
53%
peinture
53%
télé
53%
con
51%
c'qui
51%
dégueulasse
51%
d'l'amour
51%
lit
51%
prendre
51%
voit
51%
couleur
49%
restent
49%
sourires
49%
vont
49%
amis
47%
couche
44%
enfants
44%
espèrent
44%
vieux
44%
mienne
42%
temps
42%
Entre
40%
glace
40%
jeunes
40%
peur
40%
rendez-vous
40%
réveille
40%
salauds
40%
s'disant
40%
usés
40%
aveuglent
38%
ennui
38%
j'me
38%
manqués
38%
sous
38%
égorge
36%
journaux
36%
perd
36%
beuglent
33%
chat
33%
haine
33%
honteux
33%
larmes
33%
oublie
33%
souvenirs
33%
traîne
33%
joues
31%
rêves
31%
coulent
29%
d'crier
29%
Doucement
29%
roulent
29%
parents
27%
cris
24%
d'vant
24%
flashes
24%
traînent
24%
gorge
22%
viennent
22%
l'regard
20%
chansons
18%

Distribution des résultats

Percentile par nombre de réponses

% des personnes avec chaque résultat

Votre développement - résultats

Vous n’avez pas pris ce quiz